| 000 | 00654cam a2200217 a 4500 | ||
|---|---|---|---|
| 001 | 4684251 | ||
| 005 | 20180214032402.0 | ||
| 008 | 810713s1979 caua b 000 0 eng | ||
| 010 | _a 81133922 | ||
| 020 |
_a0932790046 (pbk.) : _c$2.00 |
||
| 040 |
_aDLC _cDLC _dDLC |
||
| 041 | _aeng | ||
| 080 | _a339.32 MOR | ||
| 082 | 0 | 0 |
_a339.32 MOR _219 |
| 100 | 1 | _a52 | |
| 101 | _aMAK | ||
| 245 | 1 | 0 |
_aNational income statistics : _cOskar Morgenstern ; with a foreword by Roger Garrison. |
| 504 | _aIncludes bibliographical references. | ||
| 906 |
_a7 _bcbc _corignew _d2 _encip _f19 _gy-gencatlg |
||
| 942 |
_2ddc _cBK |
||
| 999 |
_c42433 _d42433 |
||